LEADER 02613nam 2200649 a 450 001 9910781786503321 005 20230327234543.0 010 $a1-283-23418-1 010 $a9786613234186 010 $a90-272-8230-7 035 $a(CKB)2550000000045373 035 $a(EBL)744204 035 $a(OCoLC)745866912 035 $a(SSID)ssj0000533794 035 $a(PQKBManifestationID)11330374 035 $a(PQKBTitleCode)TC0000533794 035 $a(PQKBWorkID)10493158 035 $a(PQKB)11379738 035 $a(MiAaPQ)EBC744204 035 $a(Au-PeEL)EBL744204 035 $a(CaPaEBR)ebr10492641 035 $a(CaONFJC)MIL323418 035 $a(EXLCZ)992550000000045373 100 $a19980327h19981998 uy 0 101 0 $aeng 135 $aurcn||||||||| 181 $ctxt$2rdacontent 182 $cc$2rdamedia 183 $acr$2rdacarrier 200 10$aAdverbs of degree in Dutch and related languages /$fHenny Klein 210 1$aAmsterdam ;$aPhiladelphia :$cJohn Benjamins Pub.,$d1998. 210 4$aŠ1998 215 $a1 online resource (viii, 232 pages) 225 1 $aLinguistik aktuell,$x0166-0829 ;$vv. 21 300 $aDescription based upon print version of record. 311 0 $a90-272-2742-X 320 $aIncludes bibliographical references (p. [213]-219) and indexes. 327 $aCONTENTS; Preface; Introduction; 1 Grading, Gradability and Degrees; 2 The Origin of Adverbs of Degree; 3 Semantic Restrictions on the Use of Adverbs of Degree; To conclude; Case study 1; Case study 2; Case study 3; Notes; Appendix of Dutch Adverbs of Degree; References; Name Index; Subject Index 330 $aA volume in a series which aims to provide a platform for studies in the syntax, semantics and pragmantics of the Germanic languages and their historical developments. General subjects investigated include the use of negation, monotonicity properties and the licensing of polarity terms. 410 0$aLinguistik aktuell ;$v21. 606 $aDutch language$xAdverb 606 $aEnglish language$xAdverb 606 $aGerman language$xAdverb 606 $aGrammar, Comparative and general$xQuantifiers 615 0$aDutch language$xAdverb. 615 0$aEnglish language$xAdverb. 615 0$aGerman language$xAdverb. 615 0$aGrammar, Comparative and general$xQuantifiers. 676 $a439.31/5 700 $aKlein$b Henny$01521313 801 0$bMiAaPQ 801 1$bMiAaPQ 801 2$bMiAaPQ 906 $aBOOK 912 $a9910781786503321 996 $aAdverbs of degree in Dutch and related languages$93760364 997 $aUNINA LEADER 03702nam 2200673Ia 450 001 9910955681603321 005 20200520144314.0 010 $a9780791496268 010 $a0791496260 035 $a(CKB)2670000000233955 035 $a(EBL)3408345 035 $a(SSID)ssj0000165125 035 $a(PQKBManifestationID)11153139 035 $a(PQKBTitleCode)TC0000165125 035 $a(PQKBWorkID)10125786 035 $a(PQKB)11547577 035 $a(MiAaPQ)EBC3408345 035 $a(DE-B1597)735879 035 $a(DE-B1597)9780791496268 035 $a(Perlego)2674649 035 $a(EXLCZ)992670000000233955 100 $a19960321d1997 ub 0 101 0 $aeng 135 $aur|n|---||||| 181 $ctxt 182 $cc 183 $acr 200 00$aGrasping land $espace and place in contemporary Israeli discourse and experience /$fedited by Eyal Ben-Ari and Yoram Bilu 210 $aAlbany, N.Y. $cState University of New York Press$dc1997 215 $a1 online resource (258 p.) 225 0 $aSUNY series in anthropology and Judaic studies 300 $aDescription based upon print version of record. 311 08$a9780791432174 311 08$a0791432173 320 $aIncludes bibliographical references and index. 327 $a""Front Matter""; ""Half Title Page""; ""Title Page""; ""Copyright Page""; ""Dedication Page""; ""Table of Contents""; ""EYAL BEN-ARI AND YORAM BILU""; ""Contents""; ""To Morocco and Back: Tourism and Pilgrimage among Moroccan-Born Israelis""; ""Gravesites and Memorials of Libyan Jews: Alternative Versions of the Sacralization of Space in Judaism""; ""Saints' Sanctuaries in Israeli Development Towns: On a Mechanism of Urban Transformation""; ""The Presence of Absence: The Memorialism of National Death in Israel""; ""Tiyul (Hike) as an Act of Consecration of Space"" 327 $a""Remaking Place: Cultural Production in Israeli Pioneer Settlement Museums""""In and Out of Territory""; ""The Double Site of Israel""; ""A Response from New York: Return of the Repressed?""; ""Epilogue (Three Years Later)""; ""Back Matter""; ""Contributors""; ""Index"" 330 $aExamines the discourses and experiences associated with space and place in contemporary Israel.This volume explores various processes associated with constructing what has variously been called "The Holy Land," "Eretz Israel," "Zion," Palestine," or "Israel." The contributors focus on ways the landscapes of Israel figure in creating and recreating the identity, presence, and history of groups living there. The book critiques the assumptions lying at the base of various spatial practices related to Zionism. It does this through both a theoretical examination and a focus on hitherto little explored phenomena such as pilgrimages of Israelis to their (or their relatives') native lands abroad, the establishment of Jewish saints' tombs in Israel, the design of Kibbutz museums, country hikes, and conceptions of territory in mixed (Jewish-Arab) communities. 410 0$aSUNY Series in Anthropology and Judaic Studies 606 $aNational characteristics, Israeli 606 $aJewish shrines$zIsrael 606 $aSacred space$zIsrael 606 $aLand use$zIsrael 606 $aZionism 615 0$aNational characteristics, Israeli. 615 0$aJewish shrines 615 0$aSacred space 615 0$aLand use 615 0$aZionism. 676 $a304.2/3/095694 701 $aBen-Ari$b Eyal$f1953-$0637737 701 $aBilu$b Yoram$0170194 801 0$bMiAaPQ 801 1$bMiAaPQ 801 2$bMiAaPQ 906 $aBOOK 912 $a9910955681603321 996 $aGrasping land$94344792 997 $aUNINA